000 01204cas a2200349I 4500
001 8019
003 MCM
005 20211208234518.0
008 780731u19379999ilu x 0 a0eng
035 _aMITb10622700
035 _a(OCoLC)04098092
035 _aGLIS00622700
040 _aDLC
_cIGA
_dm.c.
_dNYG
_dMUL
_dm/c
_dRCD
_beng
041 _aeng
082 _a352.1
_bMUN 1946
090 _aHJ9105
_b.M966
099 _aHJ9105.M966
245 0 0 _aMunicipal finance administration /
260 _aChicago :
_bPublished for the Institute for Training in Municipal Administration by the International City Managers' Association,
_c1946
300 _av. :426 p.:
_bill. ;
_c29 cm.
490 1 _aMunicipal management series / International City Managers' Association
_v3rd-
500 _aDescription based on: 3rd (1946)
650 0 _aMunicipal finance
_vPeriodicals.
_925021
710 2 _aInstitute for Training in Municipal Administration.
_925022
830 0 _aMunicipal management series.
_925023
936 _aUnknown
_a1946
942 _2ddc
_cBK
949 9 9 _aMYGR
_j4th ed., 1949; 6th ed., 1962
999 _c8019
_d8019